La educación para la paz y el interculturalismo: como tema transversal

Zapisane w:
Opis bibliograficzny
1. autor: Rodríguez Rojo, Martín (Autor)
Format: Książka
Język:hiszpański
Wydane: Barcelona Oikos-tau 1995
Wydanie:1a. ed
Seria:Colección práctica en educación
Hasła przedmiotowe:
Etykiety: Dodaj etykietę
Nie ma etykietki, Dołącz pierwszą etykiete!

MARC

LEADER 00000nam a2200000 a 4500
001 UCH6529
003 CL-VaPUC
008 091109e19950000SP |||||||||||||||||spa|d
020 |a 8428108420 
082 0 4 |a 370.19  |b ROD  |2 21 
100 0 |a Rodríguez Rojo, Martín  |e author  |9 543081 
245 1 3 |a La educación para la paz y el interculturalismo: como tema transversal 
250 |a 1a. ed 
300 |a 220 p 
942 |c BK 
945 |d 20091109 00:00:00  |a ccalabra 
260 |a Barcelona  |b Oikos-tau  |c 1995 
650 0 |a Educación  |9 258661 
650 7 |a INTERCULTURAL  |2 CL-VaPUC  |9 496102 
650 0 |a Sociología educacional   |9 543082 
650 0 |a Sociología   |9 255410 
650 7 |a EDUCACION Y CULTURA  |2 CL-VaPUC  |9 369202 
650 7 |a EDUCACION CULTURAL  |2 CL-VaPUC  |9 339037 
583 |a last modification  |c 20091109 00:00:00  |k Rodrigo Vera 
490 0 |a Colección práctica en educación 
999 |c 337403  |d 337401